Οραμα και πραγματικότητα κράτος και αγορά

Αποθηκεύτηκε σε:
Λεπτομέρειες βιβλιογραφικής εγγραφής
Κύριος συγγραφέας: Kornai, Janos
Μορφή: Βιβλίο
Γλώσσα:Greek
Δημοσίευση: Αθήνα : Παπαζήσης, 1993
Θέματα:
Ετικέτες: Προσθήκη ετικέτας
Δεν υπάρχουν, Καταχωρήστε ετικέτα πρώτοι!

MARC

LEADER 00000nam a2200000 i 4500
001 1/57761
008 960520s1993 gre d
020 |a 960-02-0775 
035 |l 10028249 
040 |a GR-MY-UA  |b gre  |e aacr 
041 0 |a gre 
082 0 |a 330.947 
100 1 |a Kornai, Janos. 
245 1 0 |a Οραμα και πραγματικότητα κράτος και αγορά /  |c Γιάννος Κορναη ; Επιμ:Στέργιος Μπαμπανάσης 
260 |a Αθήνα :   |b Παπαζήσης,   |c 1993 
300 |a 322 σ.  
500 |a Περιέχει σημειώσεις 
651 0 |a Europe, Eastern  |x Economic conditions. 
852 |a INST  |b CHIOS  |e 19960520  |h 330.947 ΚΟΡ  |p 005200008280  |q 005200008280  |t BK  |y 0 
852 |a INST  |b CHIOS  |e 19960520  |h 330.947 ΚΟΡ  |p 005200008284  |q 005200008284  |t BK  |y 0 
909 |a Χ  |b 045588 
909 |a Χ  |b 045586